000 00947pam a2200277 a 4500
999 _c18759
_d18759
001 1842532
005 20170114090518.0
008 810724s1982 caua b 001 0 eng
010 _a 81009419
020 _a0891305246 (pbk.)
040 _aDLC
_cDLC
_dDLC
043 _aa-is---
050 0 0 _aNA5977
_b.C5 1982
100 1 _aChiat, Marilyn Joyce Segal.
245 1 0 _aHandbook of synagogue architecture /
_cby Marilyn Joyce Segal Chiat.
260 _aChico, Calif. :
_bScholars Press,
_cc1982.
300 _axii, 404 p. :
_bill. ;
_c23 cm.
440 0 _aBrown Judaic studies ;
_vno. 29
504 _aIncludes bibliographical references and indexes.
650 0 _aSynagogue architecture
_zPalestine.
651 0 _aPalestine
_xAntiquities.
942 _2lcc
_cBOOKS
_hNA5977 .C5 1982